Регионална библиотека "Любен Каравелов" - Русе

Синият час (Запис номер 522239)

MARC детайли
000 -Лидер
Контролно поле с фиксирана дължина 00932nam a2200253 c 4500
003 - Код на организацията, давaща контролен номер
Контролно поле BLK
005 - Дата и час на последна редакция
Контролно поле 20250726105916.0
008 - Елементи от данни с фиксирана дължина
fixed length control field 180411b bul|||||r ||||||| ||bul||
020 ## - Международен стандартен номер на книга ISBN
Международен стандартен номер на книга ISBN 9789542849094
040 ## - Източник на каталожния запис
Идентификатор на билиотеката - собственик на записа BLK
041 ## - Код за език
Код за езика на текст/звукозапис или на отделно заглавие Български
Код за езика КДБФ Български
080 ## - УДК
Текстов определител УДК Английска литература
УДК код - определител по УДК 821.111
УДК определител -31
УДК - код + определител 821.111-31
100 1# - Редна дума - Автор
Автор Хоукинс, Паула
Авторска отговорност първи автор
R(LIN) 339403
139 ## - Редно поле
Редна дума Хоукинс, Паула
Авторски знак Хот - Х 70
245 10 - Сведения за заглавието
Заглавие Синият час
Подзаглавни данни Роман
Редно поле (дума) Паула Хоукинс ; прев. от англ. Коста Сивов
260 ## - Област на издателските данни
Място на издаване, разпространение и проч. София
Име на издателя, разпространителя и проч. Сиела Норма
Година на издаване 2024
9 (RLIN) 217021
Издателство - префикс ISBN 978-954-28-
300 ## - Физическа характеристика
Страници 304 с.
Размери/Мащаб 21 см
380 ## - Жанр
Жанр Худож. лит.
700 ## - Други автори (авторска отговорност)
Лично име Сивов, Коста Атанасов
Автороска отговорност (Описва отношението между автора и произведението) прев. от англ.
9 (RLIN) 383724
856 4# - Електронен адрес и достъп
Електронен формат pdf - файл
856 4# - Електронен адрес и достъп
Електронен формат pdf - файл
942 ## - АРТИКУЛИ
Вид на библиотечния материал Книги
Скрит в OPAC Не
Koha issues (borrowed), all copies 12
999 ## - СИСТЕМНИ КОНТРОЛНИ НОМЕРА
Koha biblionumber 522239
Koha biblioitemnumber 522239
944 ## - СЪЗДАВАНЕ И РЕДАКЦИЯ на ЗАПИСА
Създаване/Редакция
Дата на регистрацията/редакция Нора Радева
Служител, извършил регистрацията/редакцията 30550
Статус, дата на статуса Кети Илиева
Наличности
Код за отписване Код за изгубен артикул Източник на класификационната схема Код за повреда Код за отдаване Артикулен № Име на библиотеката - собственик Име на библиотеката, в която се намира в момента Статус (Текущо местоположение) Дата на вписване в системата Местоположение - отдел Цена в лева Инвентарен номер Систематично азбучна сигнатура Баркод Цена в евро Служебен тип на артикула
  Не е изгубен Universal Decimal Classification Не е повреден заемане за дома 955300 Регионална библиотека "Любен Каравелов" Русе Регионална библиотека "Любен Каравелов" Русе Заемна - подръчен фонд 2024-12-04 Заемна - подръчен фонд 16.10 120000915296 821-31/Х 70 П 120000915296 8.23 Книги
  Не е изгубен Universal Decimal Classification Не е повреден заемане за дома 955301 Регионална библиотека "Любен Каравелов" Русе Регионална библиотека "Любен Каравелов" Русе Заемна - подръчен фонд 2024-12-04 Заемна - подръчен фонд 16.10 120000915295 821-31/Х 70 П 120000915295 8.23 Книги
Vip Innovations Ltd, Rousse, Bulgaria 2025